Contabilidad básica (Registro nro. 6641)

Detalles MARC
000 -LEADER
fixed length control field 01169 a2200241 4500
001 - CONTROL NUMBER
control field 59305
005 - DATE AND TIME OF LATEST TRANSACTION
control field 20260407155847.0
008 - FIXED-LENGTH DATA ELEMENTS--GENERAL INFORMATION
fixed length control field 260407a2020 arg spa d
003 - CONTROL NUMBER IDENTIFIER
control field AR-UNSa-BCEJYS
040 ## - CATALOGING SOURCE
Original cataloging agency AR-UNSa-BCEJYS
Language of cataloging spa
Transcribing agency AR-UNSa-BCEJYS
080 ## - UNIVERSAL DECIMAL CLASSIFICATION NUMBER
Universal Decimal Classification number 657
Common auxiliary subdivision Contabilidad
020 ## - INTERNATIONAL STANDARD BOOK NUMBER
International Standard Book Number 978-987-716-120-5
041 ## - LANGUAGE CODE
Language code of text/sound track or separate title spa
100 1# - MAIN ENTRY--PERSONAL NAME
Personal name Simaro, Jorge D.
245 10 - TITLE STATEMENT
Title Contabilidad básica
Name of part/section of a work inicio de lecturas
264 #1 - PRODUCTION, PUBLICATION, DISTRIBUTION, MANUFACTURE, AND COPYRIGHT NOTICE
Place of production, publication, distribution, manufacture Buenos Aires :
Name of producer, publisher, distributor, manufacturer Osmar D. Buyatti
Date of production, publication, distribution, manufacture, or copyright notice 2020
300 ## - PHYSICAL DESCRIPTION
Extent 367 p.
Dimensions 22 cm.
505 ## - FORMATTED CONTENTS NOTE
Formatted contents note 1. El marco general de la contabilidad – 2. Fundamentos de la contabilidad patrimonial – 3. Efecto de las operaciones – 4. El proceso contable – 5. Caja y bancos – 6. Créditos – 7. Bienes de cambio (inventarios) – 8. Bienes uso (propiedades, planta y equipo) – 9. Activos intangibles – 10. Inversiones y propiedades de inversión – 11. Deudas – 12. Previsiones – 13. Patrimonio neto – 14. Culminación del proceso contable
590 ## - LOCAL NOTE (RLIN)
Local note niveau_biblio:m niveau_hierar:0
700 1# - ADDED ENTRY--PERSONAL NAME
Personal name Tonelli, Omar E.
856 41 - ELECTRONIC LOCATION AND ACCESS
Uniform Resource Identifier <a href="https://biblioeco.unsa.edu.ar/pmb/images/libros/L129056.jpg">https://biblioeco.unsa.edu.ar/pmb/images/libros/L129056.jpg</a>
Link text Imagen de portada
Electronic format type image/jpeg
942 ## - ADDED ENTRY ELEMENTS (KOHA)
Koha item type
Existencias
Withdrawn status Lost status Damaged status Not for loan Home library Current library Shelving location Date acquired Total checkouts Full call number Barcode Date last seen Price effective from Koha item type Public note
        Biblioteca Prof. Eusebio Cleto del Rey Biblioteca Prof. Eusebio Cleto del Rey   07/04/2026   657 S588b L129056 07/04/2026 07/04/2026 Libro  
        Biblioteca Prof. Eusebio Cleto del Rey Biblioteca Prof. Eusebio Cleto del Rey   07/04/2026   657 S588b L129057 07/04/2026 07/04/2026 Libro CANTO LATERAL MANCHADO - PÁG 18 DOBLADA
        Biblioteca Prof. Eusebio Cleto del Rey Biblioteca Prof. Eusebio Cleto del Rey   07/04/2026   657 S588b L129058 07/04/2026 07/04/2026 Libro  
        Biblioteca Prof. Eusebio Cleto del Rey Biblioteca Prof. Eusebio Cleto del Rey   07/04/2026   657 S588b L129059 07/04/2026 07/04/2026 Libro  
        Biblioteca Prof. Eusebio Cleto del Rey Biblioteca Prof. Eusebio Cleto del Rey   07/04/2026   657 S588b L129060 07/04/2026 07/04/2026 Libro